| 000 | 01003pam a2200301 a 4500 | ||
|---|---|---|---|
| 001 | 2911266 | ||
| 003 | OSt | ||
| 005 | 20240924111200.0 | ||
| 008 | 880914s1989 nyua b 001 0 eng | ||
| 010 | _a 88027897 | ||
| 020 | _a0471614041 | ||
| 040 |
_aDLC _cMUST _dDLC |
||
| 050 | 0 | 0 |
_aQA76.9.A73 _bL67 1989 |
| 082 | 0 | 0 | _a004.22 LOR 1989 |
| 100 | 1 |
_aLorin, Harold. _919188 |
|
| 245 | 1 | 0 |
_aIntroduction to computer architecture and organization / _cHarold Lorin. |
| 250 | _a2nd ed. | ||
| 260 |
_aNew York : _bWiley, _cc1989. |
||
| 300 |
_axiv, 359 p. : _bill. ; _c24 cm. |
||
| 500 | _a"Wiley-Interscience publication." | ||
| 500 | _aIncludes index. | ||
| 504 | _aBibliography: p. 345-352. | ||
| 650 | 0 |
_aComputer architecture. _9562 |
|
| 856 | 4 | 2 |
_3Publisher description _uhttp://www.loc.gov/catdir/description/wiley031/88027897.html |
| 856 | 4 |
_3Table of Contents _uhttp://www.loc.gov/catdir/toc/onix02/88027897.html |
|
| 906 |
_a7 _bcbc _corignew _d1 _eocip _f19 _gy-gencatlg |
||
| 942 |
_2ddc _cBOOK |
||
| 999 |
_c9398 _d9398 |
||